| 000 | 00549 a2200169 4500 | ||
|---|---|---|---|
| 020 | _a0716744384 | ||
| 020 | _a9780716744382 | ||
| 082 | 0 | 4 | _a520 |
| 090 |
_c794 _d794 |
||
| 100 | 1 | _aComins, Neil F. | |
| 245 | 1 | 0 |
_aDiscovering the essential universe / _cNeil F. Comins. |
| 260 |
_a[S.l.] : _bW. H. Freeman, _c2001 |
||
| 300 |
_a291 p. ; _c28 cm. |
||
| 700 | _aComins, Neil F. | ||
| 942 |
_aSNS _cBK _k520 COM |
||
| 999 |
_c29419 _d29419 |
||